| 000 | 01386nam a2200217Ia 4500 | ||
|---|---|---|---|
| 001 | 22659 | ||
| 003 | GE_BSU | ||
| 008 | 181216s||||||||xx |||||||||||||| ||und|| | ||
| 040 | _cGE_BSU | ||
| 245 | _aგადასახადები & აღრიცხვა. №12. 2018. | ||
| 245 | _bჟრნალი გვთავაზობს:აუდიტიურ და კონსალტინგურ მომსახურებას (საფინანსო-ეკონომიკური საქმიანობის სრულ ან შერჩევით შემოწმებას და ანალიზს) | ||
| 245 | _cრედ: კოტე უბირია,ექსპერტები:გონერ ურიდია,ჯემალ ძაგნიძე, მაია ნასარაია,და სხვ. | ||
| 260 | _aთბილისი | ||
| 260 | _c2018 | ||
| 300 | _a54 გვ 24 სმ. | ||
| 653 | _aგადასახადები & აღრიცხვა. №12. 2018. | ||
| 653 | _aეკონომიკა | ||
| 653 | _aკანონმდებლობის მიმოხილვა, აღრიცხვა,ოფიციალური მასალები,ექსპერტის კონსულტაცია. | ||
| 653 | _aპერიოდიკა | ||
| 942 | _cCR | ||
| 999 |
_c55577 _d55577 |
||